Risk management and simulation

Gespeichert in:
Bibliographische Detailangaben
1. Verfasser: Gupta, Aparna
Format: Buch
Sprache:Englisch
Veröffentlicht: Boca Raton CRC Press/Taylor & Francis Group 2014
Schriftenreihe:Mathematics/Finance
Schlagworte:
Tags: Tag hinzufügen
Keine Tags, Fügen Sie das erste Tag hinzu!

MARC

LEADER 00000nam a2200000 4500
001 0223959
005 20240306140429.5
020 |a 978-1-4398-3594-4 
041 0 |a eng 
044 |a US 
245 1 0 |a Risk management and simulation  |c Aparna Gupta 
264 1 |a Boca Raton  |b CRC Press/Taylor & Francis Group  |c 2014 
300 |a 491 s. 
490 1 |a Mathematics/Finance 
830 0 |a Mathematics/Finance 
610 2 0 |a riadenie 
610 2 0 |a riziko 
610 2 0 |a riadenie rizík 
610 2 0 |a regulácia 
610 2 0 |a simulácia 
610 2 0 |a metódy simulačné 
610 2 0 |a modely simulačné 
100 1 |a Gupta, Aparna